Größte Städte in Vereinigtes Königreich • A-Z - Statistiken

Allgemein
  • Dieses Quiz wurde 519 mal gespielt
  • Das Durchschnittsergebnis liegt bei 9 aus 20
Antwortstatistiken
# ~Pop. Große britische Stadt % Korrekt
L 7,375,000 London
100%
M 503,000 Manchester
97%
B 1,092,000 Birmingham
91%
G 603,000 Glasgow
82%
E 469,000 Edinburgh
79%
C 346,000 Cardiff
67%
Y 198,000 York
63%
N 280,000 Newcastle
61%
A 189,000 Aberdeen
60%
O 152,000 Oxford
50%
S 553,000 Sheffield
50%
P 256,000 Plymouth
46%
I 58,000 Inverness
25%
R 330,000 Reading
22%
D 249,000 Derby
17%
K 389,000 Kingston upon Hull
7%
W 356,000 Wakefield
2%
F 250,000 Farnborough
1%
T 125,000 Telford
1%
H 135,000 High Wykombe
0%
Keine übereinstimmenden Quizze gefunden
Verteilung der Resultate
Anzahl Personen mit jedem Resultat
Perzentil nach korrekt beantworteten Fragen
Ihre Resultats-Entwicklung
Sie haben dieses Quiz noch nicht gespielt